[Event "Przepiorka Memorial"]
[Site "Warsaw POL"]
[Date "1983.05.??"]
[Round "8"]
[White "Sygulski, Artur"]
[Black "Sydor, Andrzej"]
[Result "1-0"]
[WhiteElo "2425"]
[BlackElo "2405"]
[EventDate "1983.05.03"]
[PlyCount "80"]

1.d4 Nf6 2.Nf3 d5 3.g3 Bf5 4.Bg2 e6 5.Nbd2 c6 6.Nh4 Bg4 7.c3 Be7 8.h3 Bh5 
9.g4 Nfd7 10.gxh5 Bxh4 11.e4 dxe4 12.Nxe4 Nf6 13.Nc5 Qc7 14.h6 gxh6 15.
Bxh6 Nbd7 16.Nxd7 Qxd7 17.Qd2 Rg8 18.Qf4 Rxg2 19.Qxh4 Rg6 20.c4 O-O-O 21.
O-O-O Rdg8 22.Bf4 Qd8 23.Bg3 Qa5 24.d5 cxd5 25.Qf4 Nd7 26.cxd5 e5 27.Qc4+ 
Kb8 28.Kb1 Rc8 29.Qe2 Ra6 30.a3 f6 31.f4 Rb6 32.Bf2 Rb3 33.Ka2 Rcc3 34.Kb1
Qxa3 35.Rd2 Qd6 36.Rc2 Rxc2 37.Qxc2 Rb5 38.Rc1 Nc5 39.Bxc5 Qxd5 40.Bd6+ 
1-0

[Event "Przepiorka Memorial"]
[Site "Warsaw POL"]
[Date "1983.05.??"]
[Round "8"]
[White "Schmidt, Wlodzimierz"]
[Black "Plachetka, Jan"]
[Result "1/2-1/2"]
[WhiteElo "2450"]
[BlackElo "2455"]
[EventDate "1983.05.03"]
[PlyCount "32"]

1.d4 Nf6 2.c4 e6 3.Nf3 d5 4.Nc3 Bb4 5.cxd5 exd5 6.Bg5 Nbd7 7.e3 c5 8.Bd3 
Qa5 9.O-O c4 10.Bf5 Bxc3 11.bxc3 Ne4 12.Qc2 Nxg5 13.Nxg5 g6 14.Bxd7+ Bxd7 
15.e4 f6 16.Nf3 O-O 1/2-1/2

[Event "Przepiorka Memorial"]
[Site "Warsaw POL"]
[Date "1983.05.??"]
[Round "9"]
[White "Boensch, Uwe"]
[Black "Schmidt, Wlodzimierz"]
[Result "1-0"]
[WhiteElo "2450"]
[BlackElo "2450"]
[EventDate "1983.05.03"]
[PlyCount "55"]

1.d4 Nf6 2.c4 g6 3.Nf3 Bg7 4.g3 c5 5.d5 d6 6.Bg2 O-O 7.Nc3 Na6 8.O-O Nc7 
9.a4 Rb8 10.h3 b6 11.e4 a6 12.e5 Nfe8 13.Re1 b5 14.b3 bxc4 15.bxc4 dxe5 
16.Nxe5 Bxe5 17.Rxe5 Nd6 18.Bf1 Rb4 19.Ba3 Nxc4 20.Bxb4 Nxe5 21.Bxc5 Nd7 
22.Ba3 Ne8 23.Qe2 Nd6 24.Re1 Qc7 25.Qxe7 Qxc3 26.Bxd6 Qa5 27.Rc1 Qxa4 28.
Rc7 1-0

[Event "Przepiorka Memorial"]
[Site "Warsaw POL"]
[Date "1983.05.??"]
[Round "9"]
[White "Plachetka, Jan"]
[Black "Foisor, Ovidiu"]
[Result "1-0"]
[WhiteElo "2455"]
[BlackElo "2430"]
[EventDate "1983.05.03"]
[PlyCount "113"]

1.e4 c5 2.Nf3 e6 3.d4 cxd4 4.Nxd4 Nf6 5.Nc3 d6 6.f4 a6 7.Be2 Be7 8.O-O O-O
9.Be3 Qc7 10.Kh1 b5 11.Bf3 Bb7 12.e5 dxe5 13.fxe5 Nfd7 14.Bxb7 Qxb7 15.Qh5
b4 16.Nce2 g6 17.Qh3 Nxe5 18.Nxe6 Re8 19.Ng5 Bxg5 20.Bxg5 Nbd7 21.Rad1 
Rac8 22.Nd4 Nc5 23.Bh6 Qe4 24.Rf4 Qd5 25.Qh4 Ned7 26.Rff1 Re4 27.Qf2 Re7 
28.Nb3 Ne4 29.Qh4 Qe5 30.Nd4 f6 31.Nf3 Qe6 32.Nd4 Qf7 33.Qg4 Kh8 34.Kg1 f5
35.Qh4 Ne5 36.h3 Rce8 37.Rfe1 Rd7 38.Nf3 Rxd1 39.Rxd1 Nxf3+ 40.gxf3 g5 41.
Bxg5 Nxg5 42.Qxg5 Qe6 43.Qf4 Qe2 44.Qd4+ Kg8 45.Rd2 Qe1+ 46.Kh2 Re2+ 47.
Rxe2 Qxe2+ 48.Kg3 a5 49.Qd5+ Kg7 50.Qxf5 Qe1+ 51.Kg4 Qg1+ 52.Kh5 Qh2 53.h4
Qf2 54.f4 a4 55.Qe5+ Kg8 56.Qe8+ Kg7 57.Qe7+ 1-0

[Event "Przepiorka Memorial"]
[Site "Warsaw POL"]
[Date "1983.05.??"]
[Round "9"]
[White "Sydor, Andrzej"]
[Black "Dorfman, Iosif"]
[Result "0-1"]
[WhiteElo "2405"]
[BlackElo "2540"]
[EventDate "1983.05.03"]
[PlyCount "132"]

1.d4 Nf6 2.Nf3 g6 3.g3 Bg7 4.Bg2 O-O 5.O-O d6 6.Nc3 Nbd7 7.e4 e5 8.h3 Re8 
9.dxe5 dxe5 10.Be3 c6 11.a4 b6 12.Qd3 a5 13.Rfd1 Ba6 14.Qd2 Bf8 15.Ne1 Nc5
16.Qxd8 Raxd8 17.Rxd8 Rxd8 18.Bf1 Bxf1 19.Kxf1 Rb8 20.f3 Ne6 21.Nd3 Nd7 
22.Kf2 f6 23.b3 Kf7 24.Rd1 Ke8 25.Nb2 Bc5 26.Ne2 Ke7 27.Nc4 Rb7 28.Bxc5+ 
Ndxc5 29.Ke3 Rd7 30.Rxd7+ Nxd7 31.h4 Nec5 32.Nc1 Nb7 33.Nd3 b5 34.axb5 
cxb5 35.Na3 Nd6 36.Nb1 Nb8 37.Nc3 Nc6 38.Nd5+ Kf7 39.Nc5 Nd4 40.c3 Ne6 41.
Nd7 a4 42.bxa4 bxa4 43.Kd3 a3 44.Kc2 Nc4 45.Kb3 f5 46.g4 f4 47.Nb4 Nd2+ 
48.Kxa3 Nxf3 49.Nd3 Ke7 50.N7xe5 Nxe5 51.Nxe5 g5 52.hxg5 Nxg5 53.Nd3 f3 
54.Nf2 Kd6 55.c4 Kc5 56.Kb3 Kd4 57.c5 Ne6 58.c6 Ke3 59.Nh1 f2 60.Ng3 Nd4+ 
61.Kc4 Nxc6 62.Kd5 Kf4 63.Nf1 Ne5 64.g5 Nf3 65.e5 Nxe5 66.Kd4 Nf7 0-1

[Event "Przepiorka Memorial"]
[Site "Warsaw POL"]
[Date "1983.05.??"]
[Round "9"]
[White "Skrobek, Ryszard"]
[Black "Adamski, Jan"]
[Result "0-1"]
[WhiteElo "2420"]
[BlackElo "2425"]
[EventDate "1983.05.03"]
[PlyCount "66"]

1.d4 Nf6 2.Nf3 b6 3.Bg5 Ba6 4.g3 d5 5.Bg2 e6 6.Ne5 Be7 7.c4 c6 8.Nd2 O-O 
9.O-O h6 10.Bf4 Nfd7 11.Nxd7 Nxd7 12.Re1 Nf6 13.Rc1 Bb7 14.e4 dxe4 15.Nxe4
Nxe4 16.Bxe4 Qd7 17.Qe2 Rfe8 18.Red1 Rad8 19.c5 Bf8 20.b4 b5 21.h4 Ra8 22.
Bc2 a5 23.Qd3 f5 24.a3 Qf7 25.Re1 axb4 26.axb4 Bc8 27.Kh2 Ra7 28.g4 Qf6 
29.g5 hxg5 30.hxg5 Qg6 31.Kg3 Be7 32.Qe3 Kf7 33.Rh1 Rh8 0-1

[Event "Przepiorka Memorial"]
[Site "Warsaw POL"]
[Date "1983.05.??"]
[Round "9"]
[White "Uhlmann, Wolfgang"]
[Black "Kindermann, Stefan"]
[Result "1/2-1/2"]
[WhiteElo "2505"]
[BlackElo "2440"]
[EventDate "1983.05.03"]
[PlyCount "61"]

1.c4 e5 2.g3 Nc6 3.Bg2 g6 4.e3 Bg7 5.Ne2 d6 6.d4 h5 7.h3 Nh6 8.d5 Ne7 9.
Nbc3 f5 10.h4 Ng4 11.e4 O-O 12.Bg5 a6 13.Qd2 Qe8 14.O-O Kh7 15.b4 Ng8 16.
Rae1 Bd7 17.exf5 gxf5 18.c5 Qf7 19.c6 bxc6 20.dxc6 Be6 21.Nd5 N8f6 22.Nec3
e4 23.f3 Nxd5 24.Nxd5 Bxd5 25.fxg4 hxg4 26.Bxe4 Bxe4 27.Rxe4 Be5 28.Rxg4 
fxg4 29.Rxf7+ Rxf7 30.Qd3+ Kh8 31.Qg6 1/2-1/2

[Event "Przepiorka Memorial"]
[Site "Warsaw POL"]
[Date "1983.05.??"]
[Round "10"]
[White "Kindermann, Stefan"]
[Black "Plachetka, Jan"]
[Result "1-0"]
[WhiteElo "2440"]
[BlackElo "2455"]
[EventDate "1983.05.03"]
[PlyCount "69"]

1.e4 c5 2.Nf3 e6 3.Nc3 d6 4.d4 cxd4 5.Nxd4 Nf6 6.Be2 Be7 7.O-O O-O 8.f4 
Nc6 9.Be3 Qc7 10.Kh1 a6 11.a4 Bd7 12.Nb3 Rac8 13.a5 Nb4 14.Bb6 Qb8 15.Bf3 
e5 16.Be3 Be6 17.Rf2 d5 18.exd5 exf4 19.Bb6 Bd7 20.Rd2 Bd6 21.Ne4 Nxe4 22.
Bxe4 Rfe8 23.Bf3 Re3 24.c3 Rce8 25.cxb4 Ba4 26.Bxe3 fxe3 27.Rd3 Bxh2 28.d6
Bg3 29.Rxa4 Qd8 30.b5 Qg5 31.d7 Rd8 32.Re4 Be5 33.Rdxe3 Qh5+ 34.Kg1 Qh2+ 
35.Kf1 1-0

[Event "Przepiorka Memorial"]
[Site "Warsaw POL"]
[Date "1983.05.??"]
[Round "10"]
[White "Sznapik, Aleksander"]
[Black "Sydor, Andrzej"]
[Result "1-0"]
[WhiteElo "2460"]
[BlackElo "2405"]
[EventDate "1983.05.03"]
[PlyCount "26"]

1.e4 e5 2.Nf3 Nc6 3.Bb5 Nf6 4.O-O Nxe4 5.d4 Be7 6.Qe2 d5 7.dxe5 O-O 8.c4 
a6 9.cxd5 Qxd5 10.Bc4 Nd4 11.Nxd4 Qxd4 12.Rd1 Qxe5 13.Rd5 1-0

[Event "Przepiorka Memorial"]
[Site "Warsaw POL"]
[Date "1983.05.??"]
[Round "10"]
[White "Spasov, Luben"]
[Black "Skrobek, Ryszard"]
[Result "1-0"]
[WhiteElo "2460"]
[BlackElo "2420"]
[EventDate "1983.05.03"]
[PlyCount "112"]

1.d4 e6 2.c4 b6 3.Nf3 Bb7 4.g3 Bxf3 5.exf3 c5 6.d5 exd5 7.Qxd5 Nc6 8.Qd1 
Nge7 9.Nc3 Nf5 10.Bd3 Nfd4 11.O-O Be7 12.Be4 O-O 13.Be3 f5 14.Bd5+ Kh8 15.
Bxd4 cxd4 16.Ne2 Bc5 17.Qd2 a5 18.Rad1 Qf6 19.h4 Rae8 20.a3 Qd6 21.Kg2 Ne7
22.Nxd4 Nxd5 23.cxd5 Qxd5 24.Nb5 Qb3 25.Nc7 Re5 26.Rfe1 d6 27.f4 Rxe1 28.
Rxe1 Qf7 29.Nd5 Re8 30.Rxe8+ Qxe8 31.Qd3 Qe4+ 32.Qxe4 fxe4 33.b4 Bd4 34.b5
Kg8 35.f3 exf3+ 36.Kxf3 h5 37.a4 Kf7 38.f5 g6 39.g4 gxf5 40.gxf5 Kg7 41.
Kf4 Kh6 42.Ne7 Kg7 43.Nd5 Kh6 44.Ke4 Bf2 45.f6 Kg6 46.Nf4+ Kxf6 47.Nxh5+ 
Kf7 48.Kd5 Kg6 49.Nf4+ Kf5 50.Nd3 Bxh4 51.Nb2 Bf2 52.Nc4 Kf4 53.Kxd6 Ke4 
54.Kc6 Kd4 55.Nxb6 Kc3 56.Nc8 1-0

[Event "Przepiorka Memorial"]
[Site "Warsaw POL"]
[Date "1983.05.??"]
[Round "11"]
[White "Sydor, Andrzej"]
[Black "Schmidt, Wlodzimierz"]
[Result "0-1"]
[WhiteElo "2405"]
[BlackElo "2450"]
[EventDate "1983.05.03"]
[PlyCount "52"]

1.d4 Nf6 2.Nf3 g6 3.Bf4 Bg7 4.e3 O-O 5.Be2 d6 6.h3 Nbd7 7.c4 Ne4 8.Nfd2 
Nxd2 9.Qxd2 e5 10.dxe5 dxe5 11.Bg3 Nc5 12.O-O Bf5 13.Rd1 Ne4 14.Qxd8 Rfxd8
15.Rxd8+ Rxd8 16.Bh2 c6 17.f3 Nc5 18.Nc3 e4 19.Rd1 Rxd1+ 20.Nxd1 exf3 21.
Bxf3 Nd3 22.b3 Nc1 23.b4 Nxa2 24.b5 Nb4 25.Bd6 a5 26.Bc7 a4 0-1

[Event "Przepiorka Memorial"]
[Site "Warsaw POL"]
[Date "1983.05.??"]
[Round "11"]
[White "Uhlmann, Wolfgang"]
[Black "Spasov, Luben"]
[Result "1/2-1/2"]
[WhiteElo "2505"]
[BlackElo "2460"]
[EventDate "1983.05.03"]
[PlyCount "88"]

1.d4 Nf6 2.c4 e6 3.Nf3 d5 4.Nc3 Be7 5.Bg5 O-O 6.e3 h6 7.Bxf6 Bxf6 8.cxd5 
exd5 9.Qc2 Nc6 10.Be2 Ne7 11.b4 Bf5 12.Qb3 a6 13.O-O c6 14.a4 b5 15.Ra3 
Rb8 16.Rc1 Nc8 17.Nd1 Bd7 18.Nb2 Nd6 19.axb5 axb5 20.Nd3 Nc4 21.Ra6 Rb6 
22.Rxb6 Qxb6 23.Nc5 Bc8 24.Ra1 Qc7 25.Ra8 Bg4 26.Qa2 Rxa8 27.Qxa8+ Qc8 28.
Qxc8+ Bxc8 29.h3 Kf8 30.Ne1 Be7 31.Ned3 Bf5 32.Bg4 Bxd3 33.Nxd3 Ke8 34.Kf1
g6 35.Ke1 h5 36.Bf3 f5 37.g4 hxg4 38.hxg4 fxg4 39.Bxg4 Bd6 40.Ke2 Ke7 41.
Bf3 g5 42.Bg2 Na3 43.Kd2 Nc4+ 44.Ke2 1/2-1/2

[Event "Przepiorka Memorial"]
[Site "Warsaw POL"]
[Date "1983.05.??"]
[Round "11"]
[White "Georgiev, Krum"]
[Black "Sznapik, Aleksander"]
[Result "1/2-1/2"]
[WhiteElo "2440"]
[BlackElo "2460"]
[EventDate "1983.05.03"]
[PlyCount "34"]

1.e4 c5 2.Nf3 e6 3.c3 d5 4.exd5 exd5 5.d4 Nc6 6.Bb5 Bd6 7.dxc5 Bxc5 8.O-O 
Ne7 9.Nbd2 O-O 10.Nb3 Bd6 11.Bg5 Bg4 12.Bh4 a6 13.Be2 Re8 14.Nfd4 Bxe2 15.
Nxe2 Qc7 16.Bg3 Rad8 17.Nbd4 1/2-1/2

[Event "Przepiorka Memorial"]
[Site "Warsaw POL"]
[Date "1983.05.??"]
[Round "11"]
[White "Boensch, Uwe"]
[Black "Kindermann, Stefan"]
[Result "1/2-1/2"]
[WhiteElo "2450"]
[BlackElo "2440"]
[EventDate "1983.05.03"]
[PlyCount "54"]

1.d4 Nf6 2.g3 e6 3.Nf3 c5 4.c4 cxd4 5.Nxd4 d5 6.Bg2 Bb4+ 7.Nc3 O-O 8.cxd5 
Nxd5 9.Bd2 Bxc3 10.Bxc3 Nxc3 11.bxc3 e5 12.Nb5 Qa5 13.Qb3 Nc6 14.O-O Be6 
15.c4 a6 16.Nd6 Nd4 17.Qb2 Qc7 18.c5 Qxc5 19.Nxb7 Qb5 20.Rab1 Qxe2 21.Nc5 
Bxa2 22.Rfe1 Qxb2 23.Rxb2 Rac8 24.Rxe5 f6 25.Re4 Rxc5 26.Rxa2 Rd8 27.Rxa6 
Rc1+ 1/2-1/2

[Event "Przepiorka Memorial"]
[Site "Warsaw POL"]
[Date "1983.05.??"]
[Round "12"]
[White "Sznapik, Aleksander"]
[Black "Sygulski, Artur"]
[Result "1-0"]
[WhiteElo "2460"]
[BlackElo "2425"]
[EventDate "1983.05.03"]
[PlyCount "106"]

1.e4 e5 2.Nf3 Nc6 3.Bb5 a6 4.Ba4 Nf6 5.O-O Be7 6.Re1 b5 7.Bb3 O-O 8.c3 d6 
9.d4 Bg4 10.Be3 d5 11.exd5 Nxd5 12.dxe5 Nxe3 13.Rxe3 Qxd1+ 14.Bxd1 Rad8 
15.Nbd2 Bc5 16.Re1 Rfe8 17.h3 Bxf3 18.Nxf3 Re7 19.Bb3 Rde8 20.e6 fxe6 21.
a4 Bb6 22.axb5 axb5 23.Ng5 Nd8 24.Ra8 h6 25.Nf3 g5 26.Ne5 Kg7 27.Rd1 c6 
28.Nd7 Bc7 29.Rc8 Ba5 30.Bc2 b4 31.Ra8 Bc7 32.cxb4 Nf7 33.Rxe8 Rxe8 34.Be4
Rd8 35.Rd3 Bd6 36.Bxc6 Bxb4 37.Re3 Rc8 38.Bb5 Rc2 39.b3 Rc1+ 40.Bf1 Bd6 
41.Rxe6 Rc3 42.Nf6 Be5 43.Ng4 Bd4 44.b4 Rb3 45.b5 Rb1 46.Ne3 Bc5 47.Nf5+ 
Kh7 48.g4 Rb2 49.Be2 Rb4 50.Bd3 Rf4 51.Nxh6+ Kg7 52.Nf5+ Kf8 53.Ne3 1-0

[Event "Przepiorka Memorial"]
[Site "Warsaw POL"]
[Date "1983.05.??"]
[Round "12"]
[White "Spasov, Luben"]
[Black "Plachetka, Jan"]
[Result "1/2-1/2"]
[WhiteElo "2460"]
[BlackElo "2455"]
[EventDate "1983.05.03"]
[PlyCount "26"]

1.Nf3 Nf6 2.c4 e6 3.g3 d5 4.Bg2 dxc4 5.Qa4+ Nbd7 6.Qxc4 c5 7.O-O a6 8.a4 
b5 9.Qb3 c4 10.Qc2 Bb7 11.axb5 axb5 12.Rxa8 Bxa8 13.Nc3 1/2-1/2

[Event "Przepiorka Memorial"]
[Site "Warsaw POL"]
[Date "1983.05.??"]
[Round "12"]
[White "Adamski, Jan"]
[Black "Boensch, Uwe"]
[Result "0-1"]
[WhiteElo "2425"]
[BlackElo "2450"]
[EventDate "1983.05.03"]
[PlyCount "112"]

1.c4 Nf6 2.d4 e6 3.Nf3 d5 4.Nc3 Be7 5.Bg5 h6 6.Bh4 O-O 7.Qc2 b6 8.e3 Bb7 
9.Rd1 Nbd7 10.cxd5 Nxd5 11.Bg3 Nxc3 12.bxc3 Qc8 13.Bd3 c5 14.Qb2 Nf6 15.
O-O Be4 16.Bh4 Bxd3 17.Rxd3 Qa6 18.Rdd1 Rfc8 19.Ne5 cxd4 20.cxd4 Rc7 21.
Bxf6 Bxf6 22.f4 Rcc8 23.Rf2 Qa4 24.Qe2 Rc3 25.Ng4 Be7 26.g3 f5 27.Ne5 Rxe3
28.Qxe3 Qxd1+ 29.Rf1 Qa4 30.Ng6 Qd7 31.Nxe7+ Qxe7 32.d5 Qc5 33.Qxc5 bxc5 
34.dxe6 Kf8 35.Kf2 Ke7 36.Ke3 Rd8 37.Rc1 Rd5 38.Rb1 Kxe6 39.Rb8 Rd7 40.Rc8
Kd5 41.Kd3 g6 42.Re8 Rd6 43.Re5+ Kc6+ 44.Kc3 Kb5 45.a4+ Kxa4 46.Rxc5 a5 
47.Re5 h5 48.h3 Rc6+ 49.Kb2 Kb4 50.g4 fxg4 51.hxg4 hxg4 52.Rg5 Kc4 53.Kc2 
Kd4+ 54.Kd2 Ra6 55.f5 gxf5 56.Rxf5 Ke4 0-1

[Event "Przepiorka Memorial"]
[Site "Warsaw POL"]
[Date "1983.05.??"]
[Round "13"]
[White "Szymczak, Zbigniew"]
[Black "Adamski, Jan"]
[Result "1/2-1/2"]
[WhiteElo "2450"]
[BlackElo "2425"]
[EventDate "1983.05.03"]
[PlyCount "64"]

1.Nf3 Nf6 2.c4 e6 3.g3 d5 4.d4 dxc4 5.Qa4+ Nbd7 6.Qxc4 b6 7.Bg2 Bb7 8.O-O 
c5 9.Nc3 Rc8 10.dxc5 Bxc5 11.Qd3 O-O 12.Nh4 Bxg2 13.Nxg2 Qc7 14.Be3 Qb7 
15.Rac1 a6 16.Bxc5 Rxc5 17.Qe3 Rfc8 18.Nf4 b5 19.Nd3 R5c7 20.Nb1 Nb6 21.b3
Nbd5 22.Qd4 Rxc1 23.Rxc1 Rxc1+ 24.Nxc1 Qc7 25.Qb2 Ne4 26.Nd3 Nec3 27.Nxc3 
Nxc3 28.b4 Qc4 29.a3 f6 30.Kf1 Kf7 31.Ke1 Nd5 32.Nc5 Nc7 1/2-1/2

[Event "Przepiorka Memorial"]
[Site "Warsaw POL"]
[Date "1983.05.??"]
[Round "13"]
[White "Sydor, Andrzej"]
[Black "Kindermann, Stefan"]
[Result "1/2-1/2"]
[WhiteElo "2405"]
[BlackElo "2440"]
[EventDate "1983.05.03"]
[PlyCount "78"]

1.e4 c5 2.Nf3 e6 3.Nc3 d6 4.Bb5+ Bd7 5.Bxd7+ Qxd7 6.O-O Nc6 7.b3 Nf6 8.Bb2
Be7 9.Re1 e5 10.d3 O-O 11.Nd2 d5 12.exd5 Nxd5 13.Nxd5 Qxd5 14.Qf3 Rad8 15.
Qxd5 Rxd5 16.Nc4 f6 17.a4 Kf7 18.Re4 Nd4 19.Rc1 b6 20.Kf1 Rb8 21.h3 a6 22.
f4 exf4 23.Rxf4 g6 24.Bxd4 cxd4 25.Re1 b5 26.axb5 axb5 27.Ne5+ Rxe5 28.
Rxe5 Bd6 29.Ree4 Bxf4 30.Rxf4 Rd8 31.Ke2 f5 32.Rf1 Kf6 33.Ra1 Re8+ 34.Kf3 
Rc8 35.Ra6+ Ke5 36.Rb6 Rxc2 37.Rxb5+ Kd6 38.g4 Rd2 39.gxf5 gxf5 1/2-1/2

[Event "Przepiorka Memorial"]
[Site "Warsaw POL"]
[Date "1983.05.??"]
[Round "13"]
[White "Georgiev, Krum"]
[Black "Foisor, Ovidiu"]
[Result "1/2-1/2"]
[WhiteElo "2440"]
[BlackElo "2430"]
[EventDate "1983.05.03"]
[PlyCount "26"]

1.e4 c5 2.Nf3 e6 3.d4 cxd4 4.Nxd4 Nf6 5.Nc3 d6 6.Be2 Be7 7.O-O O-O 8.Be3 
a6 9.a4 Qc7 10.Nb3 b6 11.f4 Bb7 12.Bf3 Nbd7 13.Qe2 Rfe8 1/2-1/2

[Event "Przepiorka Memorial"]
[Site "Warsaw POL"]
[Date "1983.05.??"]
[Round "13"]
[White "Dorfman, Iosif"]
[Black "Sznapik, Aleksander"]
[Result "1/2-1/2"]
[WhiteElo "2540"]
[BlackElo "2460"]
[EventDate "1983.05.03"]
[PlyCount "38"]

1.d4 Nf6 2.c4 g6 3.Nc3 Bg7 4.e4 d6 5.f4 O-O 6.Nf3 c5 7.dxc5 Qa5 8.Bd2 Qxc5
9.b4 Qb6 10.Bd3 Bg4 11.Rb1 Nc6 12.h3 Bxf3 13.Qxf3 e5 14.Be3 Qd8 15.f5 a5 
16.b5 Nb4 17.Bg5 h6 18.Bxf6 Qxf6 19.O-O 1/2-1/2

[Event "Przepiorka Memorial"]
[Site "Warsaw POL"]
[Date "1983.05.??"]
[Round "14"]
[White "Uhlmann, Wolfgang"]
[Black "Plachetka, Jan"]
[Result "1/2-1/2"]
[WhiteElo "2505"]
[BlackElo "2455"]
[EventDate "1983.05.03"]
[PlyCount "36"]

1.c4 g6 2.e4 e5 3.g3 Bg7 4.Bg2 Nc6 5.Nc3 d6 6.Nge2 h5 7.h3 h4 8.d3 hxg3 9.
fxg3 Be6 10.Nd5 Nce7 11.Qb3 c6 12.Nxe7 Qxe7 13.Be3 Bh6 14.Bxh6 Nxh6 15.d4 
Qc7 16.d5 cxd5 17.cxd5 Bd7 18.g4 Qb6 1/2-1/2

[Event "Przepiorka Memorial"]
[Site "Warsaw POL"]
[Date "1983.05.??"]
[Round "14"]
[White "Spasov, Luben"]
[Black "Szymczak, Zbigniew"]
[Result "1-0"]
[WhiteElo "2460"]
[BlackElo "2450"]
[EventDate "1983.05.03"]
[PlyCount "58"]

1.d4 Nf6 2.c4 e6 3.Nf3 c5 4.d5 exd5 5.cxd5 g6 6.Nc3 Bg7 7.Bf4 d6 8.e4 O-O 
9.Be2 Bg4 10.O-O a6 11.a4 Re8 12.Nd2 Bxe2 13.Qxe2 Nh5 14.Be3 Nd7 15.a5 Bd4
16.Ra4 Qf6 17.Qd3 Nf4 18.Bxf4 Qxf4 19.Ne2 Qf6 20.Nxd4 cxd4 21.Qxd4 Rac8 
22.Qxf6 Nxf6 23.f3 Rc2 24.Rd1 Rec8 25.b3 Kf8 26.Nc4 Ke7 27.Rb4 Rc7 28.e5 
Ne8 29.Rb6 1-0

[Event "Przepiorka Memorial"]
[Site "Warsaw POL"]
[Date "1983.05.??"]
[Round "14"]
[White "Skrobek, Ryszard"]
[Black "Boensch, Uwe"]
[Result "1-0"]
[WhiteElo "2420"]
[BlackElo "2450"]
[EventDate "1983.05.03"]
[PlyCount "98"]

1.d4 Nf6 2.Nf3 e6 3.g3 c5 4.Bg2 cxd4 5.O-O d5 6.Nxd4 e5 7.Nb3 Nc6 8.Bg5 
Be6 9.e4 dxe4 10.Nc3 Be7 11.Bxf6 gxf6 12.Qh5 f5 13.Rad1 Qc8 14.Bh3 h6 15.
Nd5 Bg5 16.f4 exf3 17.Qxf3 Ne7 18.Nxe7 Bxe7 19.Qe2 Qc7 20.Bxf5 Bc4 21.Bd3 
Bc5+ 22.Nxc5 Qxc5+ 23.Rf2 O-O-O 24.Bxc4 Rxd1+ 25.Qxd1 Qxc4 26.Qf3 Rd8 27.
Qxf7 Qc5 28.Qf5+ Kb8 29.Kg2 Qd5+ 30.Kh3 a6 31.Re2 Re8 32.b3 Ka8 33.c4 Qd4 
34.Qe4 Qd6 35.Rf2 Qd7+ 36.Kg2 Qe6 37.Qd5 Qxd5+ 38.cxd5 Rd8 39.Rd2 Kb8 40.
Kf3 Kc7 41.Ke4 Kd6 42.Rf2 Kc5 43.Rf5 a5 44.g4 a4 45.h4 axb3 46.axb3 Rd6 
47.Kxe5 Rd8 48.g5 hxg5 49.hxg5 1-0

[Event "Przepiorka Memorial"]
[Site "Warsaw POL"]
[Date "1983.05.??"]
[Round "14"]
[White "Kindermann, Stefan"]
[Black "Georgiev, Krum"]
[Result "1/2-1/2"]
[WhiteElo "2440"]
[BlackElo "2440"]
[EventDate "1983.05.03"]
[PlyCount "26"]

1.e4 c5 2.Nf3 d6 3.d4 cxd4 4.Nxd4 Nf6 5.Nc3 a6 6.Be2 e6 7.f4 Nc6 8.Be3 Bd7
9.a4 Rc8 10.Nb3 Be7 11.O-O O-O 12.a5 e5 13.Kh1 1/2-1/2

[Event "Przepiorka Memorial"]
[Site "Warsaw POL"]
[Date "1983.05.??"]
[Round "14"]
[White "Foisor, Ovidiu"]
[Black "Sygulski, Artur"]
[Result "1-0"]
[WhiteElo "2430"]
[BlackElo "2425"]
[EventDate "1983.05.03"]
[PlyCount "66"]

1.d4 Nf6 2.c4 g6 3.Nc3 Bg7 4.e4 d6 5.f3 O-O 6.Be3 b6 7.Bd3 c5 8.e5 Ne8 9.
Be4 Nc7 10.f4 Nd7 11.Bxa8 Nxa8 12.Nf3 Bb7 13.d5 dxe5 14.O-O Qb8 15.Qd2 Ba6
16.fxe5 Nxe5 17.b3 b5 18.Bxc5 bxc4 19.b4 Nd3 20.Bxe7 Qb6+ 21.Kh1 Re8 22.
Rae1 Nxe1 23.Rxe1 Nc7 24.d6 Bxc3 25.Qxc3 Nd5 26.Qe5 Nxe7 27.d7 Rf8 28.Qxe7
c3 29.Rd1 Qd8 30.Qc5 Be2 31.Rd4 Bxf3 32.gxf3 Qf6 33.Qxf8+ 1-0

[Event "Przepiorka Memorial"]
[Site "Warsaw POL"]
[Date "1983.05.??"]
[Round "14"]
[White "Schmidt, Wlodzimierz"]
[Black "Dorfman, Iosif"]
[Result "1/2-1/2"]
[WhiteElo "2450"]
[BlackElo "2540"]
[EventDate "1983.05.03"]
[PlyCount "43"]

1.d4 d5 2.c4 c6 3.Nf3 Nf6 4.Nc3 e6 5.Bg5 Nbd7 6.e3 Qa5 7.Nd2 Bb4 8.Qc2 O-O
9.Be2 e5 10.dxe5 Ne4 11.Ndxe4 dxe4 12.O-O Bxc3 13.bxc3 Re8 14.Rfd1 Qxe5 
15.Bf4 Qa5 16.Qb2 Nb6 17.Qb4 Qf5 18.a4 c5 19.Qb3 Be6 20.h3 h5 21.Rd2 Nd7 
22.Qxb7 1/2-1/2

[Event "Przepiorka Memorial"]
[Site "Warsaw POL"]
[Date "1983.05.??"]
[Round "14"]
[White "Adamski, Jan"]
[Black "Sydor, Andrzej"]
[Result "1/2-1/2"]
[WhiteElo "2425"]
[BlackElo "2405"]
[EventDate "1983.05.03"]
[PlyCount "54"]

1.c4 e5 2.g3 Bc5 3.Bg2 Ne7 4.Nc3 d6 5.Nf3 Nd7 6.d4 Bb6 7.O-O O-O 8.b3 f6 
9.Ba3 Qe8 10.e3 Qh5 11.Na4 exd4 12.exd4 Nc6 13.h3 Rd8 14.Nc3 Nf8 15.d5 Ne5
16.Nxe5 Qxd1 17.Raxd1 fxe5 18.Ne4 Bf5 19.Kh2 Nd7 20.Ng5 Rf8 21.g4 Bg6 22.
Ne6 Rf7 23.Kg3 a5 24.Ng5 Rf6 25.Be4 Raf8 26.Bxg6 Rxg6 27.Bc1 1/2-1/2

[Event "Przepiorka Memorial"]
[Site "Warsaw POL"]
[Date "1983.05.??"]
[Round "15"]
[White "Sygulski, Artur"]
[Black "Kindermann, Stefan"]
[Result "1/2-1/2"]
[WhiteElo "2425"]
[BlackElo "2440"]
[EventDate "1983.05.03"]
[PlyCount "100"]

1.d4 Nf6 2.c4 e6 3.Nf3 c5 4.g3 cxd4 5.Nxd4 d5 6.Bg2 e5 7.Nf3 d4 8.O-O Nc6 
9.e3 Bc5 10.exd4 exd4 11.Re1+ Be6 12.Nbd2 O-O 13.a3 a5 14.Nb3 Ba7 15.c5 d3
16.Be3 Bg4 17.h3 Bh5 18.g4 Bg6 19.Nh4 Be4 20.f3 Nd7 21.fxe4 Qxh4 22.Qxd3 
Rad8 23.Qc3 a4 24.Nd4 Nxd4 25.Bxd4 Rc8 26.e5 Bxc5 27.Re2 Bxd4+ 28.Qxd4 Nc5
29.Rf1 Rfd8 30.Qf4 Qe7 31.Be4 h6 32.Bb1 Ne6 33.Qxa4 Qh4 34.Qb3 Rd4 35.Qxb7
Rf8 36.Re3 Nf4 37.Qf3 Rfd8 38.Qf2 Qg5 39.Kh1 R8d7 40.Bf5 Rd8 41.Be4 Rd1 
42.Rxd1 Rxd1+ 43.Kh2 h5 44.Bc2 Rd4 45.Be4 hxg4 46.h4 g3+ 47.Qxg3 Rd2+ 48.
Kh1 Rd1+ 49.Kh2 Rd2+ 50.Kh1 1/2-1/2

[Event "Przepiorka Memorial"]
[Site "Warsaw POL"]
[Date "1983.05.??"]
[Round "15"]
[White "Boensch, Uwe"]
[Black "Uhlmann, Wolfgang"]
[Result "1/2-1/2"]
[WhiteElo "2450"]
[BlackElo "2505"]
[EventDate "1983.05.03"]
[PlyCount "22"]

1.Nf3 Nf6 2.d4 g6 3.Bf4 Bg7 4.h3 O-O 5.e3 d6 6.c3 c5 7.Be2 Qb6 8.Qb3 Qxb3 
9.axb3 Nc6 10.Nbd2 cxd4 11.cxd4 1/2-1/2